Applied clinical pharmacokinetics / (رقم التسجيلة. 39637)
[ عرض عادي ]
| 000 -الفاتح | |
|---|---|
| حقل البيانات ثابتة الطول | 01370cam a2200253 i 4500 |
| 003 - محدد رقم الضبط | |
| رقم الضبط | OSt |
| 005 - وقت وتاريخ اخر تعامل مع التسجيلة | |
| رقم الضبط | 20160724095154.0 |
| 008 - عناصر البيانات ثابتة الطول - معلومات عامة | |
| حقل البيانات ثابتة الطول | 130724s2014 nyua b 001 0 eng |
| 020 ## - الرقم الدولى المعيارى للكتب | |
| الرقم الدولى المعيارى للكتاب | 9780071794589 (hardcover : alk. paper) |
| 020 ## - الرقم الدولى المعيارى للكتب | |
| الرقم الدولى المعيارى للكتاب | 0071794581 (hardcover : alk. paper) |
| 040 ## - مصدر الفهرسة | |
| وكالة الفهرسة الأصلية | ma-in |
| لغة الفهرسة | eng |
| 060 10 - رقم الطلب بالمكتبة الطبية الوطنية | |
| رقم التصنيف | QV 38 |
| 082 00 - رقم تصنيف ديوى العشرى | |
| رقم التصنيف | 615.7 |
| رقم الطبعة | 23 |
| رقم المادة | BLA |
| 100 1# - المدخل الرئيسى - إسم شخصى | |
| الإسم الشخصى | Bauer, Larry A., |
| الدور | author |
| 9 (RLIN) | 56102 |
| 245 10 - بيان العنوان | |
| العنوان | Applied clinical pharmacokinetics / |
| بيان المسئوليه,etc | Larry A. Bauer |
| 250 ## - بيان الطبعة | |
| بيان الطبعة | Third edition |
| 300 ## - الوصف المادى | |
| التعداد | xii, 868 pages ; |
| أبعاد الوعاء | 24cm |
| 504 ## - تبصرة ببليوجرافية | |
| تبصرة ببليوجرافية,الخ | Includes bibliographical references and index |
| 505 0# - تبصرة محتويات-الفهرس | |
| تبصرة المحتويات المصاغة | Clinical pharmacokinetic and pharmacodynamic concepts -- Clinical pharmacokinetic equations and calculations -- Drug dosing in special populations : renal and hepatic disease, dialysis, heart failure, obesity, and drug interactions -- Aminoglycoside antibiotics -- Vancomycin -- Digoxin -- Lidocaine -- Procainamide/N-acetyl procainamide -- Quinidine -- Phenytoin/fosphenytoin -- Carbamazepine -- Valproic acid -- Phenobarbital/primidone -- Ethosuximide -- Lamotrigine -- Levetiracetam -- Oxcarbazepine/eslicarbazepine -- Cyclosporine -- Tacrolimus -- Sirolimus -- Lithium -- Theophylline |
| 650 #0 - المدخل الاضافى بالموضوع-مصطلح موضوعى | |
| مصطلح موضوعي أو اسم جغرافي كعنصر مدخل | Pharmacokinetics |
| 9 (RLIN) | 19073 |
| 650 12 - المدخل الاضافى بالموضوع-مصطلح موضوعى | |
| مصطلح موضوعي أو اسم جغرافي كعنصر مدخل | Pharmacokinetics |
| 9 (RLIN) | 19073 |
| 650 22 - المدخل الاضافى بالموضوع-مصطلح موضوعى | |
| مصطلح موضوعي أو اسم جغرافي كعنصر مدخل | Pharmaceutical Preparations |
| التقسيم الفرعي العام | administration & dosage |
| 9 (RLIN) | 56103 |
| 942 ## - عناصر المدخل الإضافي( كوها) | |
| Koha [default] item type | كتاب |
| حالة الفقد | نموذج السعر الفعال | حالة تلف | ليس للاعارة | رقم الطلب | تاريخ الاكتساب | الموقع الحالي | الباركود | الفرع الرئيسي | Date last seen | نوع المادة فى نظام كوها | مصدر التصنيف او خطة الترفيف | Total Checkouts |
|---|---|---|---|---|---|---|---|---|---|---|---|---|
| 2016-07-24 | 615.7 BLA | 2016-07-24 | المكتبة المركزية بالمجمعة (CL) | 00502055 | المكتبة المركزية بالمجمعة (CL) | 2016-07-24 | كتاب | Dewey Decimal Classification | ||||
| 2016-07-24 | 615.7 BLA | 2016-07-24 | المكتبة المركزية بالمجمعة (CL) | 00502056 | المكتبة المركزية بالمجمعة (CL) | 2016-07-24 | كتاب | Dewey Decimal Classification | ||||
| 2016-07-24 | 615.7 BLA | 2016-07-24 | المكتبة المركزية بالمجمعة (CL) | 00502057 | المكتبة المركزية بالمجمعة (CL) | 2016-07-24 | كتاب | Dewey Decimal Classification | ||||
| 2016-07-24 | 615.7 BLA | 2016-07-24 | مكتبة مجمع الكليات بالزلفى - طلاب (SZM) | 00502058 | مكتبة مجمع الكليات بالزلفى - طلاب (SZM) | 2016-07-24 | كتاب | Dewey Decimal Classification |
